00751cam a2200205 i 4500020001800000020001500018041000800033082001300041100002200054245007700076260002900153300002100182500007700203650001300280650001400293942000700307952010700314952010700421999001700528 a9788184656213 a8184656211 aENG a230bRAJ1 aRajaiah, Jeyaraj,10aDalit humanization : M.M. Thomas' theology of salvation and humanization aDelhi : bISPCK, c2017. axii, 284 pages : aOriginally presented as the author's thesis (Ph.D.)--Utrecht University. 0aMissions 0aSalvation cBK 00104070aHMIbHMIcGENd2020-06-02eISPCKg400.00l0o230 RAJp11004233r2026-01-16w2026-01-16yBK 00104070aHMIbHMIcGENd2020-06-02eISPCKg400.00l0o230 RAJp11004234r2026-01-16w2026-01-16yBK c22881d22881